000 00536nam a2200193Ia 4500
003 IN-BaIIA
008 211028s9999 xx 000 0 eng d
020 _a109876-54
040 _cIIA Library
080 _a531.19
_bHUA
100 _aHuang, Kerson
_913971
245 0 _aStatistical mechanics
_cKerson Huang
260 _aNew Delhi
_bWiley Eastern
_c1991
300 _axiii, 470p.
650 _aMechanics
650 _aNASA Thesaurus
650 _aStatistical mechanics
942 _cBK
999 _c10640
_d10640